Catálogo público

Proyecto Lago de Texcoco : (Record no. 81613)

MARC details
000 -CABECERA
campo de control de longitud fija 01476cam a22003737a 4500
003 - IDENTIFICADOR DEL NÚMERO DE CONTROL
campo de control CHAP
005 - FECHA Y HORA DE LA ÚLTIMA TRANSACCIÓN
campo de control 20220329142322.0
008 - DATOS DE LONGITUD FIJA--INFORMACIÓN GENERAL
campo de control de longitud fija 000620d mx r 00110 esp d
010 ## - NÚMERO DE CONTROL DE LA BIBLIOTECA DEL CONGRESO
Número de control de LC 81613
011 ## - ENLACE DEL NUMERO DE CONTROL DE LA BIBLIOTECA DEL CONGRESO [OBSOLETO]
Número de control de LC 82585
020 ## - NÚMERO INTERNACIONAL ESTÁNDAR DEL LIBRO
Número Internacional Estándar del Libro 9709165003
035 ## - NÚMERO DE CONTROL DEL SISTEMA
Número de control de sistema 93084
040 ## - FUENTE DE LA CATALOGACIÓN
Centro/agencia transcriptor CHAP
082 04 - NÚMERO DE LA CLASIFICACIÓN DECIMAL DEWEY
Número de clasificación 551.482
Número de documento/Ítem C7 1998
100 00 - ENTRADA PRINCIPAL--NOMBRE DE PERSONA
Nombre de persona Cruickshank García, Gerardo.
9 (RLIN) 29255
245 10 - MENCIÓN DE TÍTULO
Título Proyecto Lago de Texcoco :
Resto del título rescate hidroecológico : memoria de la evolución del proyecto que mejora en forma importante las condiciones ambientales de la zona metropolitana de la Ciudad de México
Mención de responsabilidad, etc. /por Gerardo Cruickshank Garcia
250 ## - MENCIÓN DE EDICIÓN
Mención de edición 2 ed.
260 ## - PUBLICACIÓN, DISTRIBUCIÓN, ETC.
Lugar de publicación, distribución, etc. México, D.F. :
Nombre del editor, distribuidor, etc. Comisión Nacional del Agua,
Fecha de publicación, distribución, etc. 1998.
300 ## - DESCRIPCIÓN FÍSICA
Extensión 138 p. :
Otras características físicas ilus.
590 ## - NOTA LOCAL (RLIN)
Nota local BATCH-UPD
Procedencia (VM) [OBSOLETO] 10
Condición del los carretes individuales (VM) [OBSOLETO] 20130110
-- UCH01
-- 0818
590 ## - NOTA LOCAL (RLIN)
Nota local BATCH-UPD
Procedencia (VM) [OBSOLETO] 10
Condición del los carretes individuales (VM) [OBSOLETO] 20130410
-- UCH01
-- 0455
590 ## - NOTA LOCAL (RLIN)
Nota local BATCH-UPD
Procedencia (VM) [OBSOLETO] 10
Condición del los carretes individuales (VM) [OBSOLETO] 20130914
-- UCH01
-- 1109
590 ## - NOTA LOCAL (RLIN)
Nota local CONVERSION
Procedencia (VM) [OBSOLETO] 10
Condición del los carretes individuales (VM) [OBSOLETO] 20130109
-- UCH01
-- 1345
650 14 - PUNTO DE ACCESO ADICIONAL DE MATERIA--TÉRMINO DE MATERIA
Término de materia o nombre geográfico como elemento de entrada Ecosistema.
9 (RLIN) 35290
650 14 - PUNTO DE ACCESO ADICIONAL DE MATERIA--TÉRMINO DE MATERIA
Término de materia o nombre geográfico como elemento de entrada Lago de Texcoco.
9 (RLIN) 64410
650 14 - PUNTO DE ACCESO ADICIONAL DE MATERIA--TÉRMINO DE MATERIA
Término de materia o nombre geográfico como elemento de entrada Proyectos
Subdivisión general Evaluación.
9 (RLIN) 92525
650 14 - PUNTO DE ACCESO ADICIONAL DE MATERIA--TÉRMINO DE MATERIA
Término de materia o nombre geográfico como elemento de entrada Recursos hidráulicos
Subdivisión geográfica Valle de México.
9 (RLIN) 95136
901 ## - ELEMENTOS DE DATOS A LOCAL LDA (RLIN)
a BK
905 ## - ELEMENTOS DE DATOS E LOCAL, LDE (RLIN)
a Alejandra Carrasco M.
942 ## - ELEMENTOS DE PUNTO DE ACCESO ADICIONAL (KOHA)
Tipo de ítem Koha Libro
949 ## - PROCESAMIENTO DE INFORMACIÓN LOCAL (OCLC)
a 551.482 C7 1998
b BC
c LIBRO
d 33724000799730
e LIBRO
h 98236
i 93084
s i
949 ## - PROCESAMIENTO DE INFORMACIÓN LOCAL (OCLC)
a 551.482 C7 1998
b BC
c LIBRO
d 33724002079934
e LIBRO
f c.2
h 110571
i 93084
s i
949 ## - PROCESAMIENTO DE INFORMACIÓN LOCAL (OCLC)
a 551.482 C7 1998
b BC
c LIBRO
d 33724002246736
e LIBRO
f c.3
g DonaciØn
h 115362
i 93084
s i
Holdings
Estado de retiro Estado de pérdida Fuente del sistema de clasificación o colocación Estado dañado Restricciones de uso No para préstamo Código de colección Localización permanente Ubicación/localización actual Ubicación en estantería Fecha de adquisición Fuente de adquisición Información codificada de la localización en otra ubicación Total de préstamos Signatura topográfica completa Código de barras Fecha visto por última vez Precio válido a partir de Tipo de ítem Koha Número de copia
    Dewey Decimal Classification   Préstamo 15 días   General Biblioteca Central Biblioteca Central Planta alta - Colección General 31/12/2019 Donacion LIBRO   551.482 C7 1998 33724000799730 31/12/2019 31/12/2019 Libro  
    Dewey Decimal Classification   Préstamo 15 días   General Biblioteca Central Biblioteca Central Planta alta - Colección General 31/12/2019       551.482 C7 1998 33724002570595 31/12/2019 31/12/2019 Libro c.2
    Dewey Decimal Classification   Préstamo 15 días   General Biblioteca Central Biblioteca Central Planta alta - Colección General 31/12/2019       551.482 C7 1998 33724002570553 31/12/2019 31/12/2019 Libro c.3